Documentation standards for automatic data procesing in mammalogy /
Wedi'i Gadw mewn:
| Awdur Corfforaethol: | |
|---|---|
| Fformat: | Anhysbys |
| Cyhoeddwyd: |
[Lugar de publicación no identificado] :
[editor no identificado],
1996.
|
| Pynciau: | |
| Tagiau: |
Ychwanegu Tag
Dim Tagiau, Byddwch y cyntaf i dagio'r cofnod hwn!
|
MARC
| LEADER | 000000000a22000000004500 | ||
|---|---|---|---|
| 001 | 009692 | ||
| 020 | |a 0893380512 | ||
| 082 | 0 | 4 | |a 599 |b M158d |
| 110 | 2 | |a American society of mammalogists commitee on information retrieval | |
| 245 | 1 | 0 | |a Documentation standards for automatic data procesing in mammalogy / |c American society of mammalogists commitee on information retrieval. |
| 260 | 1 | |a [Lugar de publicación no identificado] : |b [editor no identificado], |c 1996. | |
| 300 | |a 33 páginas | ||
| 650 | 4 | |a MAMIFEROS | |
| 650 | 4 | |a TAXONOMIA COLECCIONES DE HUESOS | |
| 650 | 4 | |a BASES DE DATOS | |
| 650 | 4 | |a DOCUMENTACION | |
| 650 | 4 | |a NORMAS | |
| 999 | |c 15797 |d 15797 | ||
| 942 | |c BK |h 599 M158d |2 z | ||



